Instructions to young stamp collectors (Record no. 8116)
[ view plain ]
| 000 -LEADER | |
|---|---|
| fixed length control field | 00633nam a22002412a 4500 |
| 001 - CONTROL NUMBER | |
| JCCL Control Number | 8116 |
| 003 - CONTROL NUMBER IDENTIFIER | |
| JCCL marc code | BD - JhCC |
| 005 - DATE AND TIME OF LATEST TRANSACTION | |
| control field | 20180218191444.0 |
| 008 - FIXED-LENGTH DATA ELEMENTS--GENERAL INFORMATION | |
| fixed length control field | 500101s1958 xxka 001 0 eng d |
| 035 ## - SYSTEM CONTROL NUMBER | |
| system control number | (BD - JhCC)8116 |
| 040 ## - CATALOGING SOURCE | |
| Original cataloging agency | DLC |
| Transcribing agency | SLC |
| Modifying agency | SLC |
| -- | UKM |
| -- | EQO |
| -- | BD - JhCC |
| 041 ## - LANGUAGE CODE | |
| Language code of Book | eng |
| 050 #0 - LIBRARY OF CONGRESS CALL NUMBER | |
| Classification number | HE6215 |
| Item number | .B35 |
| 082 ## - DEWEY DECIMAL CLASSIFICATION NUMBER | |
| Classification number | 383.22 |
| Author mark and Year | BAT 1958 |
| 100 10 - MAIN ENTRY--PERSONAL NAME | |
| Personal name | Bateman, Robert, |
| Dates associated with a name | 1922- |
| 245 10 - TITLE STATEMENT | |
| Title | Instructions to young stamp collectors |
| 260 ## - PUBLICATION, DISTRIBUTION, ETC. (IMPRINT) | |
| Place of publication, distribution, etc | London : |
| Name of publisher, distributor, etc | Museum Press, |
| Date of publication, distribution, etc | [c1958] |
| 300 ## - PHYSICAL DESCRIPTION | |
| Pagination | 111 p. |
| Other physical details | illus. |
| Dimensions | 23 cm |
| 650 #0 - SUBJECT ADDED ENTRY--TOPICAL TERM | |
| Topical term or geographic name as entry element | Stamp collecting |
| 830 #0 - SERIES ADDED ENTRY--UNIFORM TITLE | |
| Uniform title | Brompton Library |
| 942 ## - ADDED ENTRY ELEMENTS (KOHA) | |
| Source of classification or shelving scheme | Dewey Decimal Classification |
| Koha item type | Books |
| Source of classification or shelving scheme | Damaged status | Not for loan | Home library | Current library | Shelving location | Total Checkouts | Full call number | Barcode | Date last seen | Copy number | Koha item type |
|---|---|---|---|---|---|---|---|---|---|---|---|
| Dewey Decimal Classification | JCC Rouf Library | JCC Rouf Library | General Stacks | 383.22 BAT 1958 | 10692 | 02/18/2018 | C - 1 | Books |